Statistiques concernant Communes de l'Agglomération de Saint-Brieuc

Cliquez ici pour prendre le quiz!

Statistiques générales

  • Ce quiz a été pris 78 fois
  • Le résultat moyen est 8 sur 13

Statistiques - réponses

CommunesPopulation% Correct
Saint-Brieuc45.200
93%
Plérin14.100
91%
Ploufragan11.400
88%
Langueux7.500
86%
Trégueux8.300
84%
Yffiniac5.000
75%
Hillion4.100
58%
Pordic6.900
53%
Plédran6.500
51%
Trémuson2.000
46%
La Méaugon1.300
37%
Saint-Julien2.100
33%
Saint-Donan1.400
19%

Distribution des résultats

Percentile par nombre de réponses

% des personnes avec chaque résultat

Votre développement - résultats

Vous n’avez pas pris ce quiz